000 00583nam a2200217Ia 4500
003 GCL
008 140319s9999 xx 000 0 ara d
040 _aGCL /
_cGCL
082 0 4 _a602
_bك ك
245 1 0 _aكتابات علمية باقلام شباب مصر
300 _a387 ص
490 _a
650 0 4 _aالبيئة
650 0 4 _aالحاسبات الالكترونية
650 0 4 _aالتراث العربى
650 0 4 _aالمخدرات
650 0 4 _aالتلوث
650 0 4 _aنهر النيل
650 0 4 _aالمبيدات الحشرية
942 _2ddc
_cBK
999 _c38003
_d38003